01335nam a22003377a 4500003000500000005001700005008004100022010001000063011001000073035001000083040000900093090001000102100004000112245010200152260005100254300001000305502008100315590003700396590004100433590004100474590004200515650003100557650002900588901000700617942000900624949004200633949004700675999001700722952013100739952012700870CHAP20220329135328.0971013s1988 r 00010 d a34495 a35467 a39583 cCHAP aTesis00aMercado Paredes, Luz Alicia.974911 aEvaluación del avance obtenido por mejoramiento genético en las variedades mexicanas de avena aCuatitlán Izcalli, Méx. :bEl autor,c1988 a127 h aTesis (Ing. Agrícola) -- UNAM. Facultad de Estudios Superiores Cuatitlán aALEPHb10c20130110lUCH01h1300 aBATCH-UPDb10c20130110lUCH01h0106 aBATCH-UPDb10c20130110lUCH01h1947 aCONVERSIONb10c20130109lUCH01h131914aAvenaxMejoramiento.9853214aAvenaxVariedades.98552 aBK cFOLL bBCcTESd-90237eTS1h20444i39583si bBCcTESd-90238eTS2fc.2h20445i39583si c34495d34495 00102local4053708TESISaBCbBCcPA_TESISd2019-12-31fFOLLl0oTesisp-90238r2019-12-31 00:00:00tc.2w2019-12-31yTESIS 00102local4051708TESISaBCbBCcPA_TESISd2019-12-31fTESISl0oTesisp-90237r2019-12-31 00:00:00w2019-12-31yTESIS